Emisie z osobnej automobilovej dopravy verzus elektromobilita diplomová práca

Saved in:
Bibliographic Details
Main Author: Valachová, Viktória
Format: Book
Language:Slovak
Published: Bratislava STU FCHPT 2019
Online Access:View in OPAC
Tags: Add Tag
No Tags, Be the first to tag this record!

MARC

LEADER 00000nam a2200000 a 4500
005 20260127134124.0
008 190624 2019 xo a 001 0 slo d
035 |a vtls011872497 
039 9 |y 201906240837  |z mschk03 
040 |a STUSCHK1  |b slo  |c STUSCHK1  |e AACR2 
100 1 |a Valachová, Viktória 
245 1 |a Emisie z osobnej automobilovej dopravy verzus elektromobilita  |b diplomová práca  |c Viktória Valachová 
260 |a Bratislava  |b STU FCHPT  |c 2019 
300 |a 82 s.  |b Obr., tab.  |c 25 cm 
500 |a Študijný program: technológie ochrany životného prostredia 
500 |a Študijný odbor: chemické technológie 
500 |a Školiace pracovisko: Oddelenie environmentálneho inžinierstva 
500 |a Evid. číslo: FCHPT-100568-76894 
910 |a SCHK95 
999 |c 4576  |d 4576